<?xml version="1.0" encoding="UTF-8"?>
<record
    xmlns:xsi="http://www.w3.org/2001/XMLSchema-instance"
    xsi:schemaLocation="http://www.loc.gov/MARC21/slim http://www.loc.gov/standards/marcxml/schema/MARC21slim.xsd"
    xmlns="http://www.loc.gov/MARC21/slim">

  <leader>01017nam a22001457a 4500</leader>
  <datafield tag="999" ind1=" " ind2=" ">
    <subfield code="c">26627</subfield>
    <subfield code="d">26627</subfield>
  </datafield>
  <datafield tag="020" ind1=" " ind2=" ">
    <subfield code="a">9780081022535</subfield>
  </datafield>
  <datafield tag="082" ind1=" " ind2=" ">
    <subfield code="a">025.00285</subfield>
    <subfield code="b">JOI-E</subfield>
  </datafield>
  <datafield tag="100" ind1=" " ind2=" ">
    <subfield code="a">Joiner, Ida Arlene</subfield>
  </datafield>
  <datafield tag="245" ind1=" " ind2=" ">
    <subfield code="a">Emerging Library Technologies</subfield>
    <subfield code="b">:It's not just for geeks</subfield>
  </datafield>
  <datafield tag="260" ind1=" " ind2=" ">
    <subfield code="a">United States</subfield>
    <subfield code="b">Chandos Publishing</subfield>
    <subfield code="c">2018</subfield>
  </datafield>
  <datafield tag="300" ind1=" " ind2=" ">
    <subfield code="a">xvii,188p.</subfield>
  </datafield>
  <datafield tag="520" ind1=" " ind2=" ">
    <subfield code="a">Emerging Library Technologies is written for librarians/information professionals, teachers, administrators, researchers, undergraduate/graduate students, and others who are interested in learning about some of the most popular emerging technologies in the media today such as artificial intelligence, robotics, drones, driverless vehicles, big data, virtual/augmented reality, 3D printing, and wearable technologies. This valuable resource shows how they can be used in libraries and resource centres, and how to get stakeholder buy in for implementing these technologies.</subfield>
  </datafield>
  <datafield tag="650" ind1=" " ind2=" ">
    <subfield code="a">Library Science</subfield>
    <subfield code="v">Technological innovations</subfield>
    <subfield code="v">Libraries</subfield>
    <subfield code="v">Information technology	</subfield>
  </datafield>
  <datafield tag="942" ind1=" " ind2=" ">
    <subfield code="2">ddc</subfield>
    <subfield code="c">BK</subfield>
  </datafield>
  <datafield tag="952" ind1=" " ind2=" ">
    <subfield code="0">0</subfield>
    <subfield code="1">0</subfield>
    <subfield code="4">0</subfield>
    <subfield code="7">0</subfield>
    <subfield code="a">NASSDOC</subfield>
    <subfield code="b">NASSDOC</subfield>
    <subfield code="d">2021-03-03</subfield>
    <subfield code="e">Overseas Press India Private Limited</subfield>
    <subfield code="g">4236.06</subfield>
    <subfield code="i">2021-02-22</subfield>
    <subfield code="l">1</subfield>
    <subfield code="m">1</subfield>
    <subfield code="o">025.00285 JOI-E</subfield>
    <subfield code="p">51332</subfield>
    <subfield code="r">2024-04-06 00:00:00</subfield>
    <subfield code="s">2021-04-01</subfield>
    <subfield code="v">5802.82</subfield>
    <subfield code="w">2021-03-03</subfield>
    <subfield code="y">BK</subfield>
  </datafield>
</record>
